Những phạm trù nghệ thuật dân gian người Việt thời trung đại

Giới thiệu những phạm trù nghệ thuật dân gian tiêu biểu của người Việt thời trung đại bao gồm nghệ thuật tạo hình và nghệ thuật biểu diễn như: nghệ thuật kiến trúc Phật giáo, điêu khắc đình làng, tranh dân gian, nghệ thuật gốm sứ châu thổ sông Hồng, ca trù, hát văn, chèo sân đình, tuồng đồ và múa rố...

Ausführliche Beschreibung

Gespeichert in:
Bibliographische Detailangaben
1. Verfasser: Kiều Thu Hoạch
Format: Buch
Sprache:Vietnamese
Veröffentlicht: H. Mỹ thuật 2016
Schlagworte:
Tags: Tag hinzufügen
Keine Tags, Fügen Sie den ersten Tag hinzu!
Thư viện lưu trữ: Mạng thư viện Đại học Đà Nẵng
LEADER 01552nam a2200325 4500
001 000024762
003 21251
005 20170223090223.0
008 170213s2016 viesd
041 0 |a vie 
082 1 4 |a 700.43559  |b KI-H 
100 1 |a Kiều Thu Hoạch 
245 1 6 |a Những phạm trù nghệ thuật dân gian người Việt thời trung đại  |c Kiều Thu Hoạch 
260 |a H.  |b Mỹ thuật  |c 2016 
300 |a 811 tr.  |b hình ảnh  |c 21 cm. 
500 |a ĐTTS ghi: Hội Văn nghệ dân gian Việt Nam 
520 3 |a Giới thiệu những phạm trù nghệ thuật dân gian tiêu biểu của người Việt thời trung đại bao gồm nghệ thuật tạo hình và nghệ thuật biểu diễn như: nghệ thuật kiến trúc Phật giáo, điêu khắc đình làng, tranh dân gian, nghệ thuật gốm sứ châu thổ sông Hồng, ca trù, hát văn, chèo sân đình, tuồng đồ và múa rối nước 
650 0 4 |a Nghệ thuật dân gian  |y Thời trung đại  |z Việt Nam 
653 |a Nghệ thuật dân gian 
653 |a Việt Nam 
OWN |a LSP 
AVA |a UDN50  |b LSP  |d 700.43559 KI-H  |e available  |t Error 5001 Not defined in file expand_doc_bib_avail.  |f 1  |g 0  |h N  |i 0  |k 1 
999 |a From the UDN01 
AVA |a UDN50  |b LSP  |d 700.43559 KI-H  |e available  |t Error 5001 Not defined in file expand_doc_bib_avail.  |f 1  |g 0  |h N  |i 0  |k 1 
TYP |a Monograph 
TYP |a Printed language 
980 |a Mạng thư viện Đại học Đà Nẵng